00827nam a22002057a 450000500170000001000150001702000260003203500140005803700090007208200120008110000300009324500590012326000490018227001360023130000390036770000300040694200260043699900190046295201400048120250120145306.0 aENG-143455 c995.00a9789388457606 aEN-126987 bDBAD a796.069 aDr. Agyajit Singh 976770 aPshychological analysis of sports/cDr. Agyajit Singh  bFriends Publicaton (India)c2022aNew Delhi  a101, 4787/23, Ansari road, daryaganj, bNew Delhi e110002k01123246222k9811197091k9312220441mfriendspublicationsindia@gmail.com a205 p.c25 cm (pbk)bbibligraphics aDr. Agyajit Singh 976737 2ddccENh796.069mAgy c208611d208611 001040708NFICaLbLd2025-01-20eDBADg995.00l1o796.069 AgypEN-126987r2025-11-04 00:00:00s2025-10-15t1v995.00w2025-01-20yEN